00476nam a2200145Ia 4500008004100000041000800041082001200049100001400061245004500075260003800120300003400158365000700192999001700199952011400216240624s9999 xx 000 0 und d aeng a828 SIN aSINHA K K aMY EXPERIMENTS WITH UNLEASHING PEOPLE PO c2014aNew DelhibBloomsbury India axxviii, : 264 : p. : cm. ; 24 cRS c22429d22429 00104070aIMTNbIMTNcRack 43-Ad2014-03-14g499.00o828 SINp22429r2024-06-24 00:00:00t1w2024-06-24yBK